00504nam a22001577a 450000500170000001000150001702000260003203500140005803700130007208200100008510000340009524500580012926000580018727000600024530000410030520170822150834.0 aENG-119973 c150.00a9789381281390 aEN-103505 bDBAD/PUB a808.6 aRajagopalachari, Parthsarathi aThe spider's web /cby Parthasarathi Rajagopalachari  aChennaibSpiritual Hierarchy Publication Trust c2013 aNorth Block, 2/3, Judges Court Road, bKolkata e700027 aVolumeI. ix, 385p. :c22cm (Hb)bcol